000 00910 a2200229 4500
005 20170627150953.0
008 170627s2017 ck ||||| |||| 00| 0 spa d
020 _a9789587632221
040 _aCO-BoUCM
_bspa
_cSaul Niño
_dSaul Niño
041 0 _aspa
100 1 0 _aCortés Sierra, Luz Bellanid
_986399
245 1 0 _aPensamiento crítico y competencias cognitivas
_brequisitos para el cambio social
_cLuz Bellanid cortés Sierra
260 _aBogotá (Colombia)
_bCorporación Universitaria Minuto de Dios
_c2017
300 _a124 páginas
490 0 _aCuadernillos de Investigación
_v5
490 0 _aSerie 2 Productividad
650 7 _911268
_aCompetencias en educación
_xAspectos sociales
650 7 _921261
_aPensamiento crítico
_xAspectos sociales
650 7 _913832
_aEducación fundamental
_zColombia
942 _cLIBRO
_2DEWEY
_a10
_e1
_h370.1
_mC828p
999 _c306843
_d306843